| 000 | 01416nam a2200325 a 4500 | ||
|---|---|---|---|
| 001 | ebr10702616 | ||
| 003 | CaPaEBR | ||
| 006 | m o u | ||
| 007 | cr cn||||||||| | ||
| 008 | 130530s2012 ne ab sb 000 0 eng d | ||
| 020 | _z9789088900983 | ||
| 020 | _z9789088901836 (e-book) | ||
| 040 |
_aCaPaEBR _cCaPaEBR |
||
| 035 | _a(OCoLC)845047703 | ||
| 043 | _asa----- | ||
| 050 | 1 | 4 |
_aF2420.1.T7 _bM36 2012eb |
| 100 | 1 | _aMans, Jimmy. | |
| 245 | 1 | 0 |
_aAmotopoan trails _h[electronic resource] : _ba recent archaeology of Trio movements / _cJimmy Mans. |
| 260 |
_aLeiden : _bSidestone Press : _bIn cooperation with the National Museum of Ethnology, Leiden, _cc2012. |
||
| 300 |
_axii, 316 p. : _bill. (some col.), maps (some col.). |
||
| 490 | 1 |
_aMededelingen van het Rijksmuseum voor Volkenkunde, Leiden ; _vno. 41 |
|
| 504 | _aIncludes bibliographical references. | ||
| 533 |
_aElectronic reproduction. _bPalo Alto, Calif. : _cebrary, _d2013. _nAvailable via World Wide Web. _nAccess may be limited to ebrary affiliated libraries. |
||
| 650 | 0 |
_aTrio Indians _xMigrations. |
|
| 650 | 0 |
_aArchaeology _zAmazon River Region. |
|
| 655 | 7 |
_aElectronic books. _2local |
|
| 710 | 2 | _aebrary, Inc. | |
| 830 | 0 |
_aMededelingen van het Rijksmuseum voor Volkenkunde, Leiden ; _vno. 41. |
|
| 856 | 4 | 0 |
_uhttp://site.ebrary.com/lib/rucke/Doc?id=10702616 _zAn electronic book accessible through the World Wide Web; click to view |
| 999 |
_c6109 _d6109 |
||